Science Quiz

Random Science or Elements Quiz
Score 0/118 Timer 15:00
20 Plays Today
% Correct
 H 
98.9%
 He 
96.1%
 Li 
88%
 C 
85.1%
 O 
84.7%
 N 
83.4%
 B 
82.5%
 Ne 
81.6%
 Be 
81.6%
 F 
79.3%
 Na 
78.1%
 Mg 
75%
 Ar 
74.9%
 Cl 
73.8%
 Al 
73.2%
 K 
72.7%
 Si 
72.6%
 S 
71.9%
 P 
71.3%
 Ca 
70.2%
 Kr 
67.1%
 Fe 
65.9%
 Cu 
65.6%
 Br 
65.3%
 Sc 
64.9%
 Co 
64.9%
 Ti 
64.7%
 V 
64.6%
 Ni 
64.4%
 Zn 
64.2%
 Mn 
63.4%
 Cr 
63.4%
 Ge 
63.2%
 Ga 
63.1%
 Xe 
62.3%
 As 
62.1%
 Se 
60.9%
 Rb 
60.7%
 I 
60.3%
 Sr 
59.8%
% Correct
 Ag 
59.5%
 Y 
58.1%
 Cs 
58%
 La 
57.3%
 Rn 
56.9%
 Ba 
56.3%
 Sn 
56.2%
 Au 
55.9%
 Zr 
55.8%
 Sb 
55.5%
 Fr 
55%
 Mo 
54.3%
 In 
53.8%
 Cd 
53.8%
 Tc 
53.7%
 Ac 
53.7%
 At 
53.5%
 Pd 
53.4%
 Nb 
53.3%
 Hg 
53.2%
 U 
53.1%
 Ra 
53%
 Rh 
53%
 Te 
52.8%
 Ru 
52.7%
 Pb 
52.7%
 Pt 
52%
 Pu 
51.7%
 W 
51.1%
 Np 
51.1%
 Bi 
50.6%
 Po 
50.2%
 Ce 
50.1%
 Eu 
49.8%
 Pr 
49.6%
 Lu 
49.5%
 Nd 
49.4%
 Am 
49.4%
 Os 
49.4%
 Hf 
49.3%
% Correct
 Sm 
49.1%
 Pm 
49.1%
 Es 
49%
 Lr 
48.8%
 Ir 
48.8%
 Th 
48.5%
 Cf 
48.5%
 Yb 
48.4%
 Er 
48.1%
 Tl 
48%
 Bk 
47.9%
 Og 
47.8%
 Ts 
47.6%
 Tb 
47.6%
 Pa 
47.5%
 Ta 
47.4%
 Cm 
47.4%
 Rf 
47.4%
 Gd 
47.3%
 Re 
47.3%
 No 
47.3%
 Md 
46.9%
 Sg 
46.7%
 Ho 
46.7%
 Mc 
46.6%
 Fm 
46.4%
 Dy 
46.3%
 Lv 
46%
 Tm 
45.5%
 Nh 
45.4%
 Db 
45.2%
 Bh 
45.2%
 Cn 
45.1%
 Fl 
45%
 Mt 
44.3%
 Ds 
44.2%
 Rg 
44%
 Hs 
43.9%

You're not logged in!

Compare scores with friends on all Sporcle quizzes.
OR
Log In

Sporcle TV

Today on Sporcle TV


Watch our educational content, quiz creation guides, and fun videos on Sporcle TV.

Show Comments

Extras

Top Quizzes Today


Score Distribution

Paid Content

Your Account Isn't Verified!

In order to create a playlist on Sporcle, you need to verify the email address you used during registration. Go to your Sporcle Settings to finish the process.

Report this User

Report this user for behavior that violates our Community Guidelines.

Details: